Регионална библиотека "Любен Каравелов" - Русе

Петнадесет тригласни инвенции за три флейти (Запис номер 322018)

MARC детайли
000 -Лидер
Контролно поле с фиксирана дължина 01271ncm a2200361 c 4500
003 - Код на организацията, давaща контролен номер
Контролно поле BLK
005 - Дата и час на последна редакция
Контролно поле 20240813005352.0
008 - Елементи от данни с фиксирана дължина
fixed length control field 180414b bul |a|er|||| |0| c|bulo|
010 ## - Наследен системен номер
LC control number NOT00004096000
040 ## - Източник на каталожния запис
Идентификатор на билиотеката - собственик на записа BLK
041 ## - Код за език
Код за езика на текст/звукозапис или на отделно заглавие Български
Код за езика КДБФ Български
080 ## - УДК
Текстов определител УДК Флейта
УДК код - определител по УДК 788.5
УДК определител
УДК - код + определител 788.5
080 ## - УДК
Текстов определител УДК Трио за дървени духови инструменти
УДК код - определител по УДК 785.73:788.5/.8
УДК определител
УДК - код + определител 785.73:788.5/.8
100 ## - Редна дума - Автор
Автор Бах, Йохан Себастиан
R(LIN) 248172
139 ## - Редно поле
Редна дума Бах, Йохан Себастиан
Авторски знак Бах - Б 30
245 10 - Сведения за заглавието
Заглавие Петнадесет тригласни инвенции за три флейти
Редно поле (дума) Йохан Себастиан Бах; ред. Пенка Кадиева.
254 ## - Сведения за формата на нотното издание
Формат на описваните ноти Щимове
257 ## - Страна на издаване
Страна на създаване/издаване Германия
260 ## - Област на издателските данни
-- София
Име на издателя, разпространителя и проч. Наука и изкуство
Година на издаване 1968
300 ## - Физическа характеристика
Размери/Мащаб 31 см
Съпровождащи материали 3 щима
380 ## - Жанр
Жанр Изкуство
650 #4 - Допълнително описание по предмет – тема
Основно описание – тема или топоним Трио - духово
9 (RLIN) 362982
653 ## - Ключова дума – ненормативна
Ключова дума флейта
653 ## - Ключова дума – ненормативна
Ключова дума триа
653 ## - Ключова дума – ненормативна
Ключова дума духово трио
700 1# - Други автори (авторска отговорност)
Лично име Кадиева, Пенка
Автороска отговорност (Описва отношението между автора и произведението) ред.
9 (RLIN) 389279
852 ## - Местоположение
Форматна сигнатура Цб М ІІ 4459
Част 0
856 4# - Електронен адрес и достъп
Електронен формат pdf - файл
Път до файла /url/
856 4# - Електронен адрес и достъп
Електронен формат pdf - файл
Път до файла /url/
942 ## - АРТИКУЛИ
Вид на библиотечния материал Нотни издания
Скрит в OPAC Не
944 ## - СЪЗДАВАНЕ И РЕДАКЦИЯ на ЗАПИСА
Създаване/Редакция Създаване
Дата на регистрацията/редакция 05.10.2017
Служител, извършил регистрацията/редакцията
Статус, дата на статуса CRON CRON
944 ## - СЪЗДАВАНЕ И РЕДАКЦИЯ на ЗАПИСА
Създаване/Редакция Редакция
Дата на регистрацията/редакция 05.10.2017
Служител, извършил регистрацията/редакцията Ирена_Линкова
999 ## - СИСТЕМНИ КОНТРОЛНИ НОМЕРА
Koha biblionumber 322018
Koha biblioitemnumber 322018
Наличности
Код за отписване Код за изгубен артикул Източник на класификационната схема Код за повреда Коз за рестрикции Код за отдаване Артикулен № Име на библиотеката - собственик Име на библиотеката, в която се намира в момента Статус (Текущо местоположение) Дата на вписване в системата Местоположение - отдел Цена в лева Инвентарен номер Систематично азбучна сигнатура Баркод Номер на екземпляра Цена в евро Служебна бележка Служебен тип на артикула
  Не е изгубен Universal Decimal Classification Не е повреден само за читалня ползва се в читалня 675673 Регионална библиотека "Любен Каравелов" Русе Регионална библиотека "Любен Каравелов" Русе Хранилище 1968-01-01 Хранилище 0.60 5778/68 Цб М ІІ 4459 900000021253 1 0.31 Дост: Dp Вид: Ф N: сф Дата: 01.01.1968 Бележки инв: Ирена_Линк Съставил: Ирена_Линкова Нотни издания
  Не е изгубен Universal Decimal Classification Не е повреден без рестрикции заемане за дома 675674 Регионална библиотека "Любен Каравелов" Русе Регионална библиотека "Любен Каравелов" Русе Отдел Изкуство - подръчен фонд 1968-01-01 Отдел Изкуство - подръчен фонд 0.80 9766/68 788/Б 30 Й 900000001641 2 0.41 Дост: Pk Вид: Ф N: сф Дата: 01.01.1968 Бележки инв: Ирена_Линк Съставил: Ирена_Линкова Нотни издания
Изтеглен Не е изгубен Universal Decimal Classification Не е повреден без рестрикции заемане за дома 675675 Регионална библиотека "Любен Каравелов" Русе Регионална библиотека "Любен Каравелов" Русе Отдел Изкуство - подръчен фонд 1968-01-01 Отдел Изкуство - подръчен фонд 0.80 9767/68 МП ІІ 4459 9767/68 3 0.41 Дост: Pk Вид: Ф N: сф Дата: 01.01.1968 Бележки инв: Ирена_Линк Съставил: Ирена_Линкова Нотни издания
  Не е изгубен Universal Decimal Classification Не е повреден без рестрикции заемане за дома 675676 Регионална библиотека "Любен Каравелов" Русе Регионална библиотека "Любен Каравелов" Русе Отдел Изкуство - подръчен фонд 1968-01-01 Отдел Изкуство - подръчен фонд 0.60 2135/96 788/Б 30 Й 900000001640 4 0.31 Дост: Pk Вид: Ф N: сф Дата: 01.01.1968 Бележки инв: Ирена_Линк Съставил: Ирена_Линкова Нотни издания
Vip Innovations Ltd, Rousse, Bulgaria 2025